<?xml version="1.0" encoding="UTF-8"?>
<record
    xmlns:xsi="http://www.w3.org/2001/XMLSchema-instance"
    xsi:schemaLocation="http://www.loc.gov/MARC21/slim http://www.loc.gov/standards/marcxml/schema/MARC21slim.xsd"
    xmlns="http://www.loc.gov/MARC21/slim">

  <leader>01690namaa22003251i 4500</leader>
  <controlfield tag="005">20251221121943.0</controlfield>
  <controlfield tag="008">251124s1995    ua a|||frm||| 000 0 eng d</controlfield>
  <datafield tag="040" ind1=" " ind2=" ">
    <subfield code="a">EG-GICUC</subfield>
    <subfield code="b">eng</subfield>
    <subfield code="c">EG-GICUC</subfield>
    <subfield code="d">EG-GICUC</subfield>
    <subfield code="e">rda</subfield>
  </datafield>
  <datafield tag="041" ind1="0" ind2=" ">
    <subfield code="a">eng</subfield>
    <subfield code="b">eng</subfield>
    <subfield code="b">ara</subfield>
  </datafield>
  <datafield tag="049" ind1=" " ind2=" ">
    <subfield code="a">Deposit</subfield>
  </datafield>
  <datafield tag="097" ind1=" " ind2=" ">
    <subfield code="a">M.Sc</subfield>
  </datafield>
  <datafield tag="099" ind1=" " ind2=" ">
    <subfield code="a">Cai01.07.02.M.Sc.1995.Kh.U.</subfield>
  </datafield>
  <datafield tag="100" ind1="0" ind2=" ">
    <subfield code="a">Khaled Mohamed Abd EL-Bary, </subfield>
    <subfield code="e">preparation.</subfield>
  </datafield>
  <datafield tag="245" ind1="1" ind2="0">
    <subfield code="a">Using Of Evaporative Cooling System For Improving The Interior Poultry Housing Environment And Its Effect On Poultry Performance Parameters Under Egyptian Conditions /</subfield>
    <subfield code="c">By Khaled Mohamed Abd EL-Bary; Approved By Prof.Dr. Ahmed Soliman Hozaien, Prof.Dr. Mohamed Hashem Hatem, Prof.Dr. Ezzat Abdel Moniem Abdel Ghafar.</subfield>
  </datafield>
  <datafield tag="246" ind1="1" ind2="5">
    <subfield code="a">&#x625;&#x633;&#x62A;&#x62E;&#x62F;&#x627;&#x645; &#x646;&#x638;&#x627;&#x645; &#x627;&#x644;&#x62A;&#x628;&#x631;&#x64A;&#x62F; &#x627;&#x644;&#x62A;&#x628;&#x62E;&#x64A;&#x631;&#x64A; &#x644;&#x62A;&#x62D;&#x633;&#x64A;&#x646; &#x627;&#x644;&#x628;&#x64A;&#x626;&#x629; &#x627;&#x644;&#x62F;&#x627;&#x62E;&#x644;&#x64A;&#x629; &#x644;&#x645;&#x646;&#x634;&#x626;&#x627;&#x62A; &#x627;&#x644;&#x62F;&#x648;&#x627;&#x62C;&#x646; &#x648;&#x62A;&#x623;&#x62B;&#x64A;&#x631;&#x647; &#x639;&#x644;&#x649; &#x645;&#x639;&#x62F;&#x644;&#x627;&#x62A; &#x623;&#x62F;&#x627;&#x626;&#x647;&#x627; &#x62A;&#x62D;&#x62A; &#x627;&#x644;&#x638;&#x631;&#x648;&#x641; &#x627;&#x644;&#x645;&#x635;&#x631;&#x64A;&#x629; </subfield>
  </datafield>
  <datafield tag="264" ind1=" " ind2="0">
    <subfield code="c">1995.</subfield>
  </datafield>
  <datafield tag="300" ind1=" " ind2=" ">
    <subfield code="a">141 Leaves : </subfield>
    <subfield code="b">illustrations ; </subfield>
    <subfield code="c">30 cm. + </subfield>
  </datafield>
  <datafield tag="336" ind1=" " ind2=" ">
    <subfield code="2">rda content</subfield>
    <subfield code="a">text</subfield>
  </datafield>
  <datafield tag="337" ind1=" " ind2=" ">
    <subfield code="2">rdamedia</subfield>
    <subfield code="a">Unmediated</subfield>
  </datafield>
  <datafield tag="338" ind1=" " ind2=" ">
    <subfield code="2">rdacarrier</subfield>
    <subfield code="a">volume</subfield>
  </datafield>
  <datafield tag="502" ind1=" " ind2=" ">
    <subfield code="a">Thesis (M.Sc.)-Cairo University, 1995. </subfield>
  </datafield>
  <datafield tag="504" ind1=" " ind2=" ">
    <subfield code="a">Bibliography: pages 126-130.</subfield>
  </datafield>
  <datafield tag="653" ind1=" " ind2="0">
    <subfield code="a">Agricultural Engineering</subfield>
  </datafield>
  <datafield tag="700" ind1="0" ind2=" ">
    <subfield code="a">Ahmed Soliman Hozaien</subfield>
    <subfield code="e">thesis advisor.</subfield>
  </datafield>
  <datafield tag="700" ind1="0" ind2=" ">
    <subfield code="a">Mohamed Hashem Hatem</subfield>
    <subfield code="e">thesis advisor.</subfield>
  </datafield>
  <datafield tag="700" ind1="0" ind2=" ">
    <subfield code="a">Ezzat Abdel Moniem Abdel Ghafar</subfield>
    <subfield code="e">thesis advisor.</subfield>
  </datafield>
  <datafield tag="900" ind1=" " ind2=" ">
    <subfield code="D">Department of Agricultural Engineering</subfield>
    <subfield code="F">Faculty of Agriculture</subfield>
    <subfield code="U">Cairo University</subfield>
    <subfield code="b">1995</subfield>
    <subfield code="c">Ahmed Soliman Hozaien</subfield>
    <subfield code="c">Mohamed Hashem Hatem</subfield>
    <subfield code="c">Ezzat Abdel Moniem Abdel Ghafar</subfield>
  </datafield>
  <datafield tag="905" ind1=" " ind2=" ">
    <subfield code="a">Eman El gebaly </subfield>
    <subfield code="e">Nourhan</subfield>
  </datafield>
  <datafield tag="942" ind1=" " ind2=" ">
    <subfield code="2">ddc</subfield>
    <subfield code="c">TH</subfield>
    <subfield code="e">21</subfield>
    <subfield code="n">0</subfield>
  </datafield>
  <datafield tag="999" ind1=" " ind2=" ">
    <subfield code="c">176147</subfield>
  </datafield>
  <datafield tag="952" ind1=" " ind2=" ">
    <subfield code="2">ddc</subfield>
    <subfield code="9">311423</subfield>
    <subfield code="a">CUCL</subfield>
    <subfield code="b">100</subfield>
    <subfield code="d">2025-11-24</subfield>
    <subfield code="i">27447</subfield>
    <subfield code="o">Cai01.07.02.M.Sc.1995.Kh.U.</subfield>
    <subfield code="p">01010110027447000</subfield>
    <subfield code="r">2025-11-24 12:22:29</subfield>
    <subfield code="w">2025-11-24</subfield>
    <subfield code="y">TH</subfield>
  </datafield>
</record>
